| 000 | 01541nam a2200373 i 4500 | ||
|---|---|---|---|
| 001 | 73113 | ||
| 003 | Mx-PuUPA | ||
| 005 | 20250617124208.0 | ||
| 008 | 250617s2021 mx gr 001 0 spa d | ||
| 020 | _a9786075691565 | ||
| 040 |
_aMx-PuUPA _bspa _cMx-PuUPA _dMx-PuUPA _erda |
||
| 041 | 1 |
_aspa _heng |
|
| 100 | 1 |
_aBranden, Nathaniel _d1930-2014 _eautor _92142 |
|
| 240 | 1 | 4 |
_aThe six pillars of self-esteem. _lEspañol |
| 245 | 1 | 4 |
_aLos seis pilares de la autoestima : _bel libro definitivo sobre la autoestima por el más importante especialista en la materia / _cNathaniel Branden ; traducción de Jorge Vigil Rubio |
| 250 |
_aPrimera edición / _bBooket en tapa dura |
||
| 264 | 1 |
_aCiudad de México : _bPaidós, _c2021 |
|
| 300 |
_a424 páginas ; _c20 cm |
||
| 336 |
_atexto _2rdacontent _btxt |
||
| 337 |
_asin medio _2rdamedia _bn |
||
| 338 |
_avolumen _2rdacarrier _bnc |
||
| 490 | 0 | _aBiblioteca Nathaniel Branden | |
| 500 | _aReimpresiones: (tercera, noviembre 2023). | ||
| 650 | 7 |
_aAutoestima _2armarc |
|
| 650 | 7 |
_aPsicopatología _2armarc |
|
| 650 | 7 |
_aPsicoterapia _2armarc |
|
| 650 | 7 |
_aPsicología clínica _2armarc |
|
| 700 | 1 |
_aVigil Rubio, Jorge, _etraductor |
|
| 765 | 0 |
_aBranden, Nathaniel, 1930-2014, _bNueva York : Publising Group, In., [Fecha de publicación no identificada] _tThe six pillars of self-esteem |
|
| 942 |
_2ddc _cLI _h155.2 _iB794 |
||
| 999 |
_c73113 _d73113 |
||